000 00995cam a2200253 a 4500
001 000000885
005 20200929145431.0
008 911023s1990 pe a 000 0 spa
040 _aDO-SdBNP
_cDLC
082 _a809.1
_bV181ó
100 1 _aValle y Caviedes, Juan del,
_d1652-1692.
_93136
245 1 0 _aObra completa /
_cJuan del Valle y Caviedes ; edición y estudios de María Leticia Cáceres, Luis Jaime Cisneros y Guillermo Lohmann Villena.
260 _aLima :
_bBanco de Crédito del Perú,
_c1990.
300 _a962 p. :
_bil. ;
_c24 cm.
440 0 _aBiblioteca clásicos del Perú ;
_v5
_93137
600 1 4 _aVALLE Y CAVIEDES, JUAN DEL,
_d1652-1692
_93138
650 4 _aPoesía peruana
_xHistoria y crítica
_93139
650 4 _aLiteratura peruana
_93140
650 4 _aCrítica literaria
_93141
700 1 _aCáceres, María Leticia
_eed.
_93142
700 1 _aCisneros, Luis Jaime
_d1921-
_eed.
_93143
700 1 _aLohmann Villena, Guillermo.
_93144
910 _aCatalogación por copia/LC
999 _c880
_d880